Statistics for Countries Blacked Out - Asia

Click here to take the quiz!

General Stats

  • This quiz has been taken 109 times
    (93 since last reset)
  • The average score is 17 of 17

Answers on the Map

Answers color-coded by a green-red scale on the quiz's map according to % correct below.
 

Answer Stats

Answer% Correct
China
100%
China
100%
Kazakhstan
100%
Iran
99%
Iraq
99%
Kuwait
99%
Laos
99%
Mongolia
99%
Oman
99%
Saudi Arabia
99%
Thailand
99%
Vietnam
99%
Yemen
99%
Kyrgyzstan
98%
United Arab Emirates
98%
Qatar
97%
Bahrain
96%

Score Distribution

Percentile by Number Answered

Percent of People with Each Score

Your Score History

You have not taken this quiz since the last reset